000 00489nam a2200181Ia 4500
008 090124s9999 xx 000 0 und d
082 _b6312
_a104
100 _aरतनबाई
245 _a आधुनिक वीण काम
250 _a1
260 _c1942
300 _a110
600 _aरतनबाई
630 _a आधुनिक वीण काम
700 _aरतनबाई
730 _a आधुनिक वीण काम
942 _cBOOK
999 _c120253
_d120253